| 000 | 00517nam a2200193Ia 4500 | ||
|---|---|---|---|
| 003 | OSt | ||
| 005 | 20250211094259.0 | ||
| 008 | 210210b1986 xxu||||| |||| 00| 0 eng d | ||
| 040 | _cAL | ||
| 041 | _aKannada | ||
| 082 | _aK894.3 INDK | ||
| 100 |
_aINDIRA (M K). _9129930 _dಇಂದಿರಾ (ಎಂ ಕೆ) |
||
| 245 |
_aKalpavraksha. _bಕಲ್ಪವೃಕ್ಷ |
||
| 260 |
_aBengaluru _bPrakasha Sahitya _c1986 |
||
| 300 | _aiv,180 | ||
| 690 |
_aKannada Fiction _9129931 |
||
| 906 | _a041556 | ||
| 942 |
_2ddc _cBK |
||
| 999 |
_c91509 _d91509 |
||